Baby Names: Boys (1970s) Quiz Stats

 Plays Quiz Updated Aug 22, 2012

Challenge
Share
Tweet
Embed
Score 0/100 Timer 08:00
2 Plays Today
Rank Name % Correct
6John
94.5%
1Michael
90.6%
5James
86.2%
9William
84.2%
4David
83.9%
7Robert
83%
10Matthew
80.5%
18Mark
79.1%
20Thomas
79%
27Paul
78.5%
55Peter
75.2%
2Christopher
75.2%
19Steven
74.2%
12Daniel
73.9%
16Richard
73.8%
28Andrew
72.9%
53George
72.1%
48Jose
71.5%
11Joseph
69.9%
33Stephen
68.9%
97Jon
65.9%
8Brian
65.7%
23Charles
65.7%
65Frank
64.1%
13Kevin
63.6%
21Timothy
62.3%
40Edward
60.8%
64Samuel
58.5%
3Jason
57.9%
32Jonathan
57.8%
36Adam
57.3%
22Anthony
57%
44Benjamin
56.2%
29Gregory
55.5%
Rank Name % Correct
14Eric
55.4%
78Jacob
55.4%
25Ryan
54.2%
42Donald
52.9%
24Joshua
52.9%
52Nicholas
52.9%
37Patrick
52%
90Carl
51.4%
43Ronald
50.3%
49Nathan
49.9%
39Sean
48.9%
35Aaron
47.7%
15Jeffrey
47.4%
17Scott
47.1%
58Larry
46.1%
38Justin
45.8%
100Jimmy
45.7%
31Kenneth
45%
46Bryan
44.9%
83Billy
44.5%
86Kyle
44.4%
93Bobby
43.4%
47Gary
42.9%
89Marc
42.4%
34Shawn
41.2%
57Bradley
41.1%
71Phillip
40.9%
45Keith
40.1%
26Jeremy
39.2%
51Brandon
39%
91Philip
38.7%
63Jerry
36.7%
98Vincent
36%
72Marcus
36%
Rank Name % Correct
80Tony
35.3%
68Juan
32.6%
88Johnny
32.1%
50Douglas
32.1%
59Dennis
31.9%
61Raymond
31.6%
73Derek
31.4%
95Danny
30.8%
56Craig
30.5%
87Erik
29.4%
69Terry
27.9%
92Roger
27.9%
67Jeffery
27.5%
76Carlos
27.4%
94Brett
27.2%
77Randy
27%
66Jesse
25.9%
30Chad
25.3%
41Todd
25.1%
82Brent
23.6%
79Jamie
23.5%
54Travis
22.1%
60Shane
22.1%
81Russell
21.8%
85Derrick
21.6%
70Corey
21.4%
75Joel
21.1%
99Cory
19.8%
96Curtis
19.6%
84Antonio
18.1%
62Troy
16.4%
74Rodney
14.1%

You're not logged in!

Compare scores with friends on all Sporcle quizzes.
Join for Free
OR
Log In

You Might Also Like...

Show Comments

Extras

Top Quizzes Today


Score Distribution

Your Account Isn't Verified!

In order to create a playlist on Sporcle, you need to verify the email address you used during registration. Go to your Sporcle Settings to finish the process.

Report this User

Report this user for behavior that violates our Community Guidelines.

Details: